Quy hoạch phát triển mạng viễn thông.
Tổng quan về mạng viễn thông; Lý thuyết lưu lượng cho việc lập qui hoạch; Nghiên cứu kinh tế cho xây dựng quy hoạch; Quá trình lập kế hoạch; Dự báo nhu cầu; Dự báo lưu lượng; Cấu hình mạng...
Tallennettuna:
| Aineistotyyppi: | Kirja |
|---|---|
| Kieli: | Vietnamese |
| Julkaistu: |
Hà Nội :
Khoa học và kỹ thuật,
2000.
|
| Aiheet: | |
| Tagit: |
Lisää tagi
Ei tageja, Lisää ensimmäinen tagi!
|
| Thư viện lưu trữ: | Mạng thư viện Đại học Đà Nẵng |
|---|
| LEADER | 01092cam a2200349 i 4500 | ||
|---|---|---|---|
| 001 | 000047030 | ||
| 003 | 6553 | ||
| 005 | 20030917110104.0 | ||
| 008 | 010306b2000 vm 000 vie | ||
| 020 | |c 38500 | ||
| 022 | |a T | ||
| 040 | |a IRC |c IRC |d IRC | ||
| 041 | 0 | |a vie | |
| 082 | 1 | 4 | |a 384 |b Qu-H |
| 245 | 0 | 0 | |a Quy hoạch phát triển mạng viễn thông. |
| 260 | |a Hà Nội : |b Khoa học và kỹ thuật, |c 2000. | ||
| 300 | |a 381tr. ; |c 24cm. | ||
| 520 | 3 | |a Tổng quan về mạng viễn thông; Lý thuyết lưu lượng cho việc lập qui hoạch; Nghiên cứu kinh tế cho xây dựng quy hoạch; Quá trình lập kế hoạch; Dự báo nhu cầu; Dự báo lưu lượng; Cấu hình mạng... | |
| 630 | 0 | 4 | |a Quy hoạch. |
| 630 | 0 | 4 | |a Phát triển. |
| 630 | 0 | 4 | |a Mạng viễn thông. |
| 650 | 0 | 4 | |a Mạng viễn thông. |
| OWN | |a DUT | ||
| 999 | |a From the UDN01 | ||
| TYP | |a Monograph | ||
| TYP | |a Printed language | ||
| 980 | |a Mạng thư viện Đại học Đà Nẵng | ||